| 000 | 00858nam a2200229 a 4500 | ||
|---|---|---|---|
| 001 | BRCA_4196 | ||
| 005 | 20190320204600.0 | ||
| 008 | 250510s2009----dk-a######---#000-0#eng-# | ||
| 041 | _aeng | ||
| 044 | _adk | ||
| 050 | 4 |
_aPN6034 _b.A53 2009 |
|
| 100 | 1 |
_aAndersen, Hans Christian _910825 |
|
| 245 | 1 | 0 |
_aThe Wild Swans _cHans Christian Andersen ; découpages by Queen Margrethe II of Denmark ; translated by R. P. Keigwin. |
| 260 |
_aDinamarca _bKristeligt Dagblads Forlag and JJ Film _c2009 |
||
| 300 |
_a90 p. _bil. a color _c27 cm. |
||
| 500 | _aCatálogo de la exposición realizada en el Museo Franz Mayer (Ciudad de México), 5 marzo - 2 mayo, 2010 | ||
| 650 | 1 | 4 |
_aCuentos _zDinamarca _910826 |
| 650 | 1 | 4 |
_aCuentos de hadas _910827 |
| 700 | 1 |
_aMargarita II _cReina de Dinamarca _eil. _910828 |
|
| 700 | 1 |
_aKeigwin, R. P. _etr. _910829 |
|
| 942 |
_2lcc _cB |
||
| 999 |
_c3912 _d3912 |
||